Fidesz-MDF-MSZP versenyfutás két-két parlamenti hely már biztos, a többiben még bármi lehet /

Elmentve itt :
Bibliográfiai részletek
Szerző: Oláh Zoltán
Dokumentumtípus: Cikk
Megjelent: 2002-04-12
Sorozat:Délmagyarország 92 No. 85
Kulcsszavak:Csongrád megye, Választás Csongrád megye 2002, Politikai élet parlamenti választás képviselőjelöltek 2002 Csongrád megye
Online Access:http://dmarchiv.bibl.u-szeged.hu/131785
LEADER 00637nab a2200157 i 4500
001 delm131785
005 20191119121757.0
008 191119s2002 hu o 0|| hun d
040 |a SZTE Délmagyarország Archívum  |b hun 
041 |a hun 
100 1 |a Oláh Zoltán 
245 1 0 |a Fidesz-MDF-MSZP versenyfutás   |h [elektronikus dokumentum] :  |b két-két parlamenti hely már biztos, a többiben még bármi lehet /  |c  Oláh Zoltán 
260 |c 2002-04-12 
300 |a 3 
490 0 |a Délmagyarország  |v 92 No. 85 
695 |a Csongrád megye, Választás Csongrád megye 2002, Politikai élet parlamenti választás képviselőjelöltek 2002 Csongrád megye